Hellboy. (Record no. 586)

MARC details
000 -LEADER
fixed length control field 01963nam a2200241 a 4500
005 - DATE AND TIME OF LATEST TRANSACTION
control field 20260322212026.0
008 - FIXED-LENGTH DATA ELEMENTS--GENERAL INFORMATION
fixed length control field data
020 ## - INTERNATIONAL STANDARD BOOK NUMBER
International Standard Book Number 9781404935921
090 ## - LOCALLY ASSIGNED LC-TYPE CALL NUMBER (OCLC); LOCAL CALL NUMBER (RLIN)
Classification number (OCLC) (R) ; Classification number, CALL (RLIN) (NR) DVD 985
001 - CONTROL NUMBER
control field data
100 1# - MAIN ENTRY--PERSONAL NAME
Personal name Gordon, Lawrence.
245 10 - TITLE STATEMENT
Title Hellboy.
Statement of responsibility, etc. Revolution Studios presents a Lawrence Gordon/Lloyd Levin production in association with Dark Horse Entertainment, a film by Guillermo del Toro; produced by Lawrence Gordon, Mike Richardson, Lloyd Levin ; screenplay by Guillermo del Toro ; directed by Guillermo del Toro. Director of photography, Guillermo Navarro ; editor, Peter Amundson ; music, Marco Beltrami ; costume designer, Wendy Partridge ; production designer, Stephen Scott.
260 ## - PUBLICATION, DISTRIBUTION, ETC.
Place of publication, distribution, etc. Culver City, Calif. :
Name of publisher, distributor, etc. Columbia TriStar Home Entertainment, ;
Date of publication, distribution, etc. 2004.
300 ## - PHYSICAL DESCRIPTION
Extent DVD video 2 videodiscs (122 min.) : sd., col. ;
Other physical details 4 3/4 in.
500 ## - GENERAL NOTE
General note Based on the Dark Horse comic created by Mike Mignola./ Originally produced as a motion picture in 2004./ Participants: Ron Perlman, Selma Blair, Jeffrey Tambor, Karel Roden, Rupert Evans, Brian Steele, Doug Jones, John Hurt./ Audience: MPAA rating: PG-13; for sci-fi action violence and frightening images.
520 ## - SUMMARY, ETC.
Summary, etc. In the 1940s, the Third Reich has joined forces with the evil Grigori Rasputin, who has used his occult powers to summon up a demon from the depths of Hell. However, the demonic creature is captured by American forces, and put in the care of Professor Broom. Under Broom's care, Hellboy develops the desire to do good. Sixty years later he takes action as part of an elite secret defense team alongside Liz Sherman, and Abe Sapian, an aquatic humanoid with the power of telepathy. Hellboy finds himself facing the powerful Rasputin determined to bring the demon back to the forces of darkness.
650 #0 - SUBJECT ADDED ENTRY--TOPICAL TERM
Topical term or geographic name entry element Science fiction films
700 1# - ADDED ENTRY--PERSONAL NAME
Personal name Richardson, Mike
700 1# - ADDED ENTRY--PERSONAL NAME
Personal name Levin, Lloyd
700 1# - ADDED ENTRY--PERSONAL NAME
Personal name Toro, Guillermo del
700 1# - ADDED ENTRY--PERSONAL NAME
Personal name Perlman, Ron,; 1950-
700 1# - ADDED ENTRY--PERSONAL NAME
Personal name Blair, Selma.
Holdings
Withdrawn status Lost status Damaged status Not for loan Home library Current library Shelving location Date acquired Total checkouts Full call number Barcode Date last seen Price effective from Koha item type
        Centerville Centerville General stacks 22/03/2026   GEN BC0010601 22/03/2026 22/03/2026 Books